Latín jurídico

Enregistré dans:
Détails bibliographiques
Auteur principal: Campos Vargas, Henry
Format: Livre
Langue:Undetermined
Publié: San José, Costa Rica Instituto de Investigaciones Jurídicas 2014
Sujets:
Tags: Ajouter un tag
Pas de tags, Soyez le premier à ajouter un tag!

MARC

LEADER 00000nam a2200000Ia 4500
008 170316s9999 xx 000 0 und d
090 |a 415-L C-2L 
100 |a Campos Vargas, Henry 
245 |a Latín jurídico 
260 |a San José, Costa Rica 
260 |b Instituto de Investigaciones Jurídicas 
260 |c 2014 
300 |a 278 páginas 
650 |a GRAMÁTICA LATINA 
650 |a LENGUA LATINA 
650 |a DECLINACIONES LATINAS 
650 |a EL SISTEMA VERBAL LATINO 
650 |a LA VOZ PASIVA 
650 |a LOS ADJETIVOS 
650 |a LOS NUMERALES 
650 |a LOS PRONOMBRES LATINOS 
650 |a LOS MODOS SUBJUNTIVO E IMPERATIVO 
650 |a LOS ADJETIVOS 
650 |a EN IDIOMA ESPAÑOL 
650 |a EN IDIOMA LATIN 
999 |c 19622  |d 19622 
040 |a cru BVZT 
942 |c 15 D  |h 415-L C-2L  |2 z